Top 20 des plus grands youtubeurs au monde en 2024 - Statistiques

Statistiques générales
  • Ce quiz a été pris 64 fois
  • Le résultat moyen est 1 sur 20
Statistiques - réponses
Classement (2024) Youtubeurs % Correct
1 MrBeast
100%
2 Pewdiepie
31%
3 Kids Diana Show
3%
4 Like Nastya
3%
9 A4
2%
14 Carry Minati
2%
16 Maria Clara & JP
2%
15 Shfa
2%
19 SSSniper Wolf
2%
10 ElRubiusOMG
0%
7 Felipe Neto
0%
6 Fernanfloo
0%
12 Kimberly Loaiza
0%
13 Luccas Neto
0%
11 Luisito Comunica
0%
17 Markiplier
0%
20 Rezendeevil
0%
18 Ryan’s World
0%
5 Vlad and Niki
0%
8 Whinderssonnunes
0%
Aucun quiz correspondant
Distribution des résultats
% des personnes avec chaque résultat
Percentile par nombre de réponses
Votre historique - résultats
Vous n’avez pas pris ce quiz